[Event "44th Reggio Emilia it"]
[Site "Reggio Emilia ITA"]
[Date "2001.12.30"]
[Round "1"]
[White "Georgiev, Vladimir"]
[Black "Naumkin, Igor"]
[Result "1/2-1/2"]
[WhiteElo "2564"]
[BlackElo "2414"]
[EventDate "2001.12.27"]
[PlyCount "75"]

1.d4 e6 2.c4 Nf6 3.Nc3 Bb4 4.e3 c5 5.Bd3 O-O 6.Ne2 d5 7.cxd5 exd5 8.a3 
cxd4 9.exd4 Be7 10.O-O Nc6 11.h3 a6 12.Be3 b5 13.b4 Bb7 14.Nf4 Qd7 15.Be2 
Rad8 16.Bf3 Na7 17.Qb3 Nc8 18.a4 Nb6 19.axb5 axb5 20.Ra7 Bd6 21.Nd3 Bb8 
22.Ne5 Qc8 23.Ra5 Nc4 24.Rxb5 Bxe5 25.dxe5 Nxe5 26.Be2 Nc6 27.Nxd5 Nxd5 
28.Rxd5 Rxd5 29.Qxd5 Nxb4 30.Qb3 Nc6 31.Bg4 Qb8 32.Rb1 Ba8 33.Qc2 Qe5 34.
Rd1 h6 35.Qc4 Qf6 36.f4 Rd8 37.Rb1 Ne7 38.Rb6 1/2-1/2

[Event "44th Reggio Emilia it"]
[Site "Reggio Emilia ITA"]
[Date "2002.01.03"]
[Round "4"]
[White "Vezzosi, Paolo"]
[Black "Naumkin, Igor"]
[Result "1/2-1/2"]
[WhiteElo "2401"]
[BlackElo "2414"]
[EventDate "2001.12.27"]
[PlyCount "116"]

1.d4 e6 2.c4 Nf6 3.Nc3 Bb4 4.e3 c5 5.Ne2 d5 6.dxc5 O-O 7.a3 Bxc5 8.b4 Bd6 
9.Bb2 Nc6 10.Nd4 Ne5 11.c5 Bb8 12.Be2 Ng6 13.h4 e5 14.Nb3 Re8 15.h5 Nf8 
16.Qc2 d4 17.Rd1 Ne6 18.Kf1 Qe7 19.exd4 exd4 20.Nxd4 Nf4 21.Bf3 Be5 22.
Nce2 Nxe2 23.Qxe2 a5 24.g3 axb4 25.axb4 Ra2 26.Ra1 Rxa1+ 27.Bxa1 Qd7 28.
Qc4 Ng4 29.Kg2 Bf6 30.Qb5 Qe7 31.Bc3 Rd8 32.Re1 Qf8 33.Ne2 Re8 34.Bxf6 
Nxf6 35.Rd1 Qe7 36.Qc4 h6 37.Qd4 Qe6 38.Nf4 Qf5 39.Rd3 Ng4 40.Rd2 Qg5 41.
Re2 Rd8 42.Qe4 Nf6 43.Qe5 Bg4 44.Bxg4 Qxg4 45.Re3 Qd1 46.Qf5 Qa4 47.Nd3 
Qc6+ 48.Rf3 Re8 49.Nf4 Re1 50.Qd3 Re4 51.Qd8+ Re8 52.Qd6 Qxd6 53.cxd6 Rd8 
54.Rd3 Kf8 55.Kf3 Ne8 56.Ke4 Nxd6+ 57.Kd5 Ke7 58.Kc5 Rc8+ 1/2-1/2

[Event "44th Reggio Emilia it"]
[Site "Reggio Emilia ITA"]
[Date "2002.01.06"]
[Round "7"]
[White "Vezzosi, Paolo"]
[Black "Chatalbashev, Boris"]
[Result "1-0"]
[WhiteElo "2401"]
[BlackElo "2526"]
[EventDate "2001.12.27"]
[PlyCount "135"]

1.c4 b6 2.Nc3 Bb7 3.d4 e6 4.e4 Bb4 5.f3 f5 6.exf5 Nh6 7.fxe6 Nf5 8.Bf4 
dxe6 9.Ne2 O-O 10.Qd2 Qh4+ 11.g3 Qh5 12.Bg2 Bxf3 13.Bxf3 Qxf3 14.O-O-O Nc6
15.Rdf1 Qh5 16.d5 e5 17.dxc6 Rad8 18.Qc2 Bxc3 19.Qxc3 exf4 20.Nxf4 Qh6 21.
Kb1 Nd4 22.a3 Nxc6 23.Nd5 Qh3 24.Rd1 Rde8 25.Ka2 Qg4 26.Nf4 Qf5 27.Rhe1 
Qf7 28.Qd3 Ne5 29.Qd5 Qxd5 30.cxd5 Nf3 31.Rxe8 Rxe8 32.Ne6 Ne5 33.Nxc7 Rd8
34.Kb3 Kf7 35.d6 Kf6 36.Kb4 Nf7 37.Rf1+ Kg6 38.Ne6 Re8 39.Nf4+ Kh6 40.Rd1 
g5 41.Nd5 Re4+ 42.Kb3 Nxd6 43.Nxb6 Nf5 44.Nc8 a5 45.Nd6 Nxd6 46.Rxd6+ Kh5 
47.Kc3 Re3+ 48.Rd3 Re2 49.Rd2 Re3+ 50.Kc4 a4 51.Kb5 Re4 52.h3 g4 53.h4 Kg6
54.Rd3 Kf5 55.b4 axb3 56.Rxb3 Re5+ 57.Kb6 Re6+ 58.Ka5 Ke4 59.a4 Re8 60.Kb4
Rb8+ 61.Kc3 Rc8+ 62.Kd2 Ra8 63.Ra3 Kd4 64.a5 Kc5 65.a6 Ra7 66.Ke3 Rf7 67.
Ke4 Kb6 68.a7 1-0

[Event "44th Reggio Emilia it"]
[Site "Reggio Emilia ITA"]
[Date "2002.01.08"]
[Round "9"]
[White "Vezzosi, Paolo"]
[Black "Zaja, Ivan"]
[Result "0-1"]
[WhiteElo "2401"]
[BlackElo "2476"]
[EventDate "2001.12.27"]
[PlyCount "132"]

1.c4 e6 2.d4 Nf6 3.Nc3 Bb4 4.e3 b6 5.Ne2 Ba6 6.a3 Bxc3+ 7.Nxc3 d5 8.b3 O-O
9.a4 Nc6 10.Ba3 Re8 11.Be2 dxc4 12.Bxc4 Bxc4 13.bxc4 Na5 14.Qe2 Qd7 15.O-O
Qc6 16.Bb4 Nxc4 17.Rac1 a6 18.Nb1 b5 19.Na3 Nd5 20.axb5 axb5 21.Nxc4 bxc4 
22.Rxc4 Qb5 23.Bc5 Nc3 24.Qd3 Ne4 25.Rfc1 Ra2 26.f3 Nxc5 27.dxc5 Rb8 28.h4
h5 29.Qe4 Rd8 30.R4c2 Rxc2 31.Qxc2 Qb4 32.e4 Qd4+ 33.Qf2 Qe5 34.g3 Rd3 35.
Kg2 g6 36.c6 Qa5 37.Rc2 Qa4 38.Qe2 Qd4 39.Qf2 Kf8 40.Qxd4 Rxd4 41.e5 Rd5 
42.f4 f6 43.exf6 Kf7 44.g4 Kxf6 45.gxh5 gxh5 46.Rc3 Ke7 47.Kf3 Kd6 48.Ke4 
Rd1 49.Re3 Kxc6 50.Ke5 Kd7 51.Kf6 Rd4 52.f5 exf5 53.Kg5 f4 54.Ra3 f3 55.
Rxf3 Rd5+ 56.Kf4 c5 57.Rg3 Kc6 58.Rg6+ Kb5 59.Rg5 Kc4 60.Rg1 Kc3 61.Rg5 
Kd4 62.Rg1 c4 63.Rd1+ Kc5 64.Rc1 Kb4 65.Ke4 Rd3 66.Rh1 Rg3 0-1